000 00429nam a2200181Ia 4500
005 20250423101056.0
008 250422s9999 xx 000 0 und d
020 _a0-13-022515-0
050 _aQA 76.9.S88 .M362/
100 _aGeorge M. Marakas
245 0 _aSystems analysis and design
260 _aNew Jersey
260 _bPrentice Hall
260 _c2001
300 _a483 p
650 _aSystem Design
942 _cBK
999 _c35208
_d35208